Milionerzy : sprawdź swoje możliwości : 998 nowych pytań i odpowiedzi : gwarantowana zabawa.

Guardado en:
Detalles Bibliográficos
Autor Corporativo: Świat Książki
Formato: Libro
Lenguaje:polaco
inglés
Publicado: Warszawa : "Świat Książki" : TVN, 2000.
Materias:
Etiquetas: Agregar Etiqueta
Sin Etiquetas, Sea el primero en etiquetar este registro!

MARC

LEADER 00000nam a2200000 i 4500
001 9910289679905606
005 20260515140226.0
008 000906s2000 pl |000 0 pol
020 |a 8372273928 
035 |a 991014641499705066 
035 |a (PL-WaBN)b13935367-48omnis_nlop 
035 |a b13935367 
035 |a (OCoLC)749817178 
035 |a zz2007798165 
035 |a (PL)b0000001393536 
040 |a WA N  |c WA N 
041 1 |a pol  |h eng 
080 |a 793.7.097 
090 |c 60  |d 59 
245 0 0 |a Milionerzy :  |b sprawdź swoje możliwości : 998 nowych pytań i odpowiedzi : gwarantowana zabawa. 
246 1 |i Tyt. oryg.:  |a Who wants to be a milionaire :  |b the quiz book 
260 |a Warszawa :  |b "Świat Książki" :  |b TVN,  |c 2000. 
300 |a 260, [12] s. ;  |c 20 cm. 
650 7 |a Gry i zabawy umysłowe 
710 2 |a Świat Książki 
920 |a 83-7227-392-8 : zł 32 
942 |c K 
952 |0 0  |1 0  |4 0  |6 R__38_000000000000000  |7 0  |9 58  |a RYT  |b RYT  |d 2026-03-17  |e 1/2026  |g 10.00  |l 0  |o R.38  |p 2000000000381  |r 2026-05-15 14:02:26  |w 2026-05-15  |y BK  |z da 
999 |c 58  |d 58